000 00649nam a2200241 i 4500
001 C2-0292396
003 PPAK
005 20180728024428.0
008 090105s2001 nyu |||| ||||| | eng d
020 _a1883011949
040 _aPPAK
_beng
_cPPAK
_erda
082 0 4 _a808.83
_223
090 0 0 _a808.83
_bWHA
_dLCK
100 1 _aWharton, Edith,
_eauthor
245 1 0 _aCollected stories 1911-1937
264 1 _aNew York :
_bThe Library of America ,
_c2001
300 _a848 pages ;
_c21 cm
336 _2rdacontent
_atext
337 _2rdamedia
_aunmediated
338 _2rdacarrier
_avolume
650 1 0 _aShort stories, English
942 _ddc
_cB
999 _c97276
_d97276